00282nam a22001217a 4500003000400000008004100004020002200045082001400067100001400081245002000095260003700115300000800152OSt220521b ||||| |||| 00| 0 eng d a978-1-4736-6894-2 a158.1 ELM aELROD,Hal aMiracle Morning aU.K.bJohn Murray Learningc2017 a189